Tín dụng tài trợ xuất, nhập khẩu, thanh toán quốc tế và kinh doanh ngoại tệ

Nội dung sách trình bày những hoạt động tài trợ tín dụng thực tế đang được áp dụng phổ biến trong quan hệ ngoại thương qua các vấn đề về tín dụng tài trợ xuất nhập khẩu; thanh toán quốc tế; kinh doanh ngoại tệ....

全面介紹

Đã lưu trong:
書目詳細資料
主要作者: Lê, Văn Tư
格式: 圖書
語言:Undetermined
出版: Hà Nội Thống Kê 1999
主題:
標簽: 添加標簽
沒有標簽, 成為第一個標記此記錄!
Thư viện lưu trữ: Trung tâm Học liệu Trường Đại học Cần Thơ
LEADER 00975nam a2200193Ia 4500
001 CTU_29757
008 210402s9999 xx 000 0 und d
082 |a 332.17 
082 |b T550 
100 |a Lê, Văn Tư 
245 0 |a Tín dụng tài trợ xuất, nhập khẩu, thanh toán quốc tế và kinh doanh ngoại tệ 
245 0 |c Lê Văn Tư, Lê Tùng Vân 
260 |a Hà Nội 
260 |b Thống Kê 
260 |c 1999 
520 |a Nội dung sách trình bày những hoạt động tài trợ tín dụng thực tế đang được áp dụng phổ biến trong quan hệ ngoại thương qua các vấn đề về tín dụng tài trợ xuất nhập khẩu; thanh toán quốc tế; kinh doanh ngoại tệ. 
650 |a Banks and banking,Credit,International economic relations 
650 |x Accounting 
980 |a Trung tâm Học liệu Trường Đại học Cần Thơ